| 000 | 00440nam a2200157Ia 4500 | ||
|---|---|---|---|
| 008 | 230312s9999||||xx |||||||||||||| ||und|| | ||
| 020 | _a0-07-288293-x | ||
| 082 |
_a004 _bWIL-U |
||
| 100 | _aWilliams Brian K. | ||
| 245 | 0 | _aUsing Information Technology | |
| 260 |
_bMcGraw Hill _aNew York _c2005 |
||
| 300 | _a610 | ||
| 546 | _aEng. | ||
| 650 |
_aComputer _vIntroduction to Information technology , Hardware , Files Database |
||
| 942 | _cBK | ||
| 999 |
_c3437 _d3437 |
||